000 00303nam a2200133Ia 4500
008 190216s9999||||xx |||||||||||||| ||und||
100 _aJudd Robbins
245 0 _aAbc S Of 1 2 3 Release 3
250 _a1st Ed.
260 _bBpb Publications
_c1990
300 _a289
650 _aComputer
942 _cBK
999 _c8437
_d8437